000 00710cam a2200229 4500
001 ABS62921
008 000000n2000 000 0 eng u
035 _a(Sirsi) u108706
100 _aPaine, S.
245 _aPowers of entry to private property (2)
260 _c2000
490 _aSolicitors' Journal
_v144(35) 22 September 2000, 850-851(2)
520 _aSecond of three articles on powers of entry to domestic property. Examines the powers available to the police, Customs & Excise and public authorities.
590 _aABS
650 _aPOWERS OF ENTRY
650 _aPRIVATE PROPERTY
650 _aWOOLF REFORMS
650 _aPACE
650 _aPRIVACY
690 _aPROPERTY
942 _n0
999 _c64895
_d64895